000 01250nam0a2200301 4500
001 RU\NLR\bibl\1691816
005 20250616054713.0
010 _a978-5-94275-538-6
_9400
021 _aRU
_b2010-74937
_94979
035 _a(NLR Aleph) 001682927
090 _a1112651
_c1112651
100 _a20101028d2010 |||y0rusy50 ca
101 0 _arus
102 _aRU
105 _aa |||||||||
200 1 _aНадежность функционирования процессов и аппаратов многоассортиментных химических производств
_fМ.Н. Краснянский
210 _aМосква
_cМашиностроение
_d2010
215 _a115 с.
_cил.
_d20
320 _aБиблиогр.: с. 108-114 (105 назв.)
606 1 _aХимическое оборудование
_xНадежность
_92450619
_3RU\NLR\auth\661457082
606 1 _aХимико-технологические системы
_xНадежность
_92165599
_3RU\NLR\auth\661303046
686 _aЛ11-5-021.1
700 1 _aКраснянский
_bМ. Н.
_gМихаил Николаевич
_4070
801 0 _aRU
_bNLR
_c20101028
_gRCR
801 1 _aRU
_bNLR
_c20101028
942 _cBOOK
980 _aNB